000 00335nam a2200133Ia 4500
005 20251222155140.0
008 251222s9999||||xx |||||||||||||| ||spa||
082 _aEBA. 02.2
100 _aKING, WIEEK, D.
245 0 _aManual Técnicas Modernas Enfermeria Vol. II
250 _a1ra. ed.
264 _bInteramericana-Mc
942 _cLIB
999 _c39144
_d39144